[Event "NRW-ch U18"]
[Site "Kranenburg"]
[Date "2009.04.14"]
[Round "2"]
[White "Chilla, Jan Eric"]
[Black "Steinbach, Ulrich"]
[Result "1-0"]
[WhiteElo "2024"]
[BlackElo "1796"]
[PlyCount "109"]
[EventDate "2009.04.13"]
[EventType "swiss"]
[EventRounds "7"]
[EventCountry "GER"]
[SourceTitle "EXT 2010"]
[Source "ChessBase"]
[SourceDate "2010.11.25"]
[SourceVersion "1"]
[SourceVersionDate "2010.11.25"]
[SourceQuality "1"]

1. d4 Nf6 2. c4 g6 3. Nc3 Bg7 4. e4 d6 5. Be2 0-0 6. Nf3 e5 7. 0-0 Nc6 8. d5 Ne7 9. b4 Nd7 10. Re1 f5 11. Ng5 Nf6 12. Bf3 f4 13. Bb2 h6 14. Ne6 Bxe6 15. dxe6 Nh7 16. c5 Ng5 17. Qb3 Kh8 18. Red1 h5 19. cxd6 cxd6 20. Nb5 d5 21. exd5 Nf5 22. d6 e4 23. Bxg7+ Kxg7 24. e7 Nxe7 25. dxe7 Qxe7 26. Rac1 Nxf3+ 27. gxf3 Qg5+ 28. Kh1 Qxb5 29. Rc7+ Kh6 30. Qc3 Rg8 31. Qd2 e3 32. Qd6 Raf8 33. Rg1 Qf5 34. Qe7 g5 35. Rd1 Rf6 36. Rd5 exf2 37. Kg2 Qh3+ 38. Kxf2 Qxh2+ 39. Ke1 Qg1+ 40. Ke2 Qg2+ 41. Ke1 Qg1+ 42. Kd2 Qf2+ 43. Kd1 Qxf3+ 44. Kc2 Qg2+ 45. Kb1 Qh1+ 46. Rc1 Qxc1+ 47. Kxc1 Rc6+ 48. Kd2 Rg7 49. Qf8 Kg6 50. Qf5+ Kh6 51. Rd8 Rh7 52. Rg8 Rb6 53. Kc3 Rc6+ 54. Kb3 Rhc7 55. Rh8+ 1-0

[Event "NRW-ch U18"]
[Site "Kranenburg"]
[Date "2009.04.14"]
[Round "3"]
[White "Schmitz, Philipp"]
[Black "Steinbach, Ulrich"]
[Result "0-1"]
[WhiteElo "1717"]
[BlackElo "1796"]
[PlyCount "46"]
[EventDate "2009.04.13"]
[EventType "swiss"]
[EventRounds "7"]
[EventCountry "GER"]
[SourceTitle "EXT 2010"]
[Source "ChessBase"]
[SourceDate "2010.11.25"]
[SourceVersion "1"]
[SourceVersionDate "2010.11.25"]
[SourceQuality "1"]

1. e4 g6 2. d4 Bg7 3. Bf4 c5 4. c3 Qb6 5. Na3 Qxb2 6. Nb5 Na6 7. Bc4 Bxd4 8. Nxd4 Qxc3+ 9. Bd2 Qxc4 10. Ndf3 Qxe4+ 11. Ne2 d5 12. Rb1 Nf6 13. 0-0 d4 14. Ng3 Qd5 15. Re1 Bg4 16. Bh6 Nh5 17. Nxh5 gxh5 18. Qe2 e6 19. Qb5+ Qc6 20. Qd3 Bxf3 21. Bg7 Rg8 22. Qxh7 0-0-0 23. gxf3 Qxf3 0-1

[Event "GER-chT U20"]
[Site "Kelbra"]
[Date "2006.12.28"]
[Round "4.6"]
[White "Steinbach, Ulrich"]
[Black "Klein, Simon"]
[Result "1/2-1/2"]
[WhiteElo "1700"]
[BlackElo "1580"]
[PlyCount "34"]
[EventDate "2006.12.27"]
[EventType "team-swiss"]
[EventRounds "7"]
[EventCountry "GER"]
[SourceTitle "EXT 2008"]
[Source "ChessBase"]
[SourceDate "2007.11.25"]
[SourceVersion "1"]
[SourceVersionDate "2007.11.25"]
[SourceQuality "1"]
[WhiteTeam "Koeln Muelheim U20"]
[BlackTeam "Muelheim Nord U20"]
[WhiteTeamCountry "GER"]
[BlackTeamCountry "GER"]

1. e4 c6 2. d4 d5 3. e5 Bf5 4. Nc3 e6 5. Nf3 Bb4 6. Bd2 Nd7 7. Ne2 Bxd2+ 8. Qxd2 Rc8 9. Ng3 Bg6 10. h4 h6 11. h5 Bh7 12. Rh4 Ne7 13. Rg4 Kf8 14. Nh4 c5 15. Bd3 Bxd3 16. Qxd3 cxd4 17. f4 Qc7 1/2-1/2

[Event "GER-chT U20"]
[Site "Kelbra"]
[Date "2006.12.28"]
[Round "3.6"]
[White "Wall, Max"]
[Black "Steinbach, Ulrich"]
[Result "1/2-1/2"]
[WhiteElo "1916"]
[BlackElo "1700"]
[PlyCount "47"]
[EventDate "2006.12.27"]
[EventType "team-swiss"]
[EventRounds "7"]
[EventCountry "GER"]
[SourceTitle "EXT 2008"]
[Source "ChessBase"]
[SourceDate "2007.11.25"]
[SourceVersion "1"]
[SourceVersionDate "2007.11.25"]
[SourceQuality "1"]
[WhiteTeam "Hannover Post U20"]
[BlackTeam "Koeln Muelheim U20"]
[WhiteTeamCountry "GER"]
[BlackTeamCountry "GER"]

1. e4 c5 2. Nf3 e6 3. d4 cxd4 4. Nxd4 a6 5. Nc3 Qc7 6. Bd3 Nf6 7. 0-0 b5 8. a4 b4 9. Na2 Bb7 10. Qe2 d5 11. e5 Nfd7 12. f4 Qb6 13. Be3 Bc5 14. c3 Nc6 15. Qf2 0-0 16. Nc1 f6 17. Ncb3 Nxd4 18. Nxc5 Nxc5 19. Bxd4 Nxd3 20. Bxb6 Nxf2 21. Rxf2 bxc3 22. bxc3 fxe5 23. fxe5 Bc6 24. Bc5 1/2-1/2

[Event "NRW U14 op"]
[Site "Olpe"]
[Date "2005.10.02"]
[Round "4.2"]
[White "Steinbach, Ulrich"]
[Black "Lobmeyer, Fabian"]
[Result "0-1"]
[WhiteElo "1653"]
[BlackElo "1654"]
[PlyCount "40"]
[EventDate "2005.10.01"]
[EventType "swiss"]
[EventRounds "7"]
[EventCountry "GER"]
[SourceTitle "CBM 108 Extra"]
[Source "ChessBase"]
[SourceDate "2005.11.04"]
[SourceVersion "1"]
[SourceVersionDate "2005.11.04"]
[SourceQuality "1"]

1. e4 c5 2. Nf3 e6 3. d4 cxd4 4. Nxd4 Nc6 5. Nc3 Qc7 6. Ndb5 Qb8 7. f4 a6 8. Nd4 Qc7 9. Bc4 Bb4 10. Qg4 Nxd4 11. Qxg7 Nxc2+ 12. Kf2 Bc5+ 13. Kf3 Bd4 14. e5 Qxc4 15. Qxh8 Qd3+ 16. Kg4 Qg6+ 17. Kf3 Nxa1 18. h4 h5 19. Rd1 Nc2 20. Ne4 Qg4# 0-1

[Event "NRW-ch U14"]
[Site "Kranenburg"]
[Date "2005.03.30"]
[Round "4"]
[White "Kelbling, Philipp"]
[Black "Steinbach, Ulrich"]
[Result "1-0"]
[WhiteElo "1575"]
[BlackElo "1510"]
[PlyCount "45"]
[EventDate "2005.03.28"]
[EventType "swiss"]
[EventRounds "7"]
[EventCountry "GER"]
[SourceTitle "CBM 105 Extra"]
[Source "ChessBase"]
[SourceDate "2005.05.01"]
[SourceVersion "1"]
[SourceVersionDate "2005.05.01"]
[SourceQuality "1"]

1. e4 Nf6 2. Nc3 d5 3. exd5 Nxd5 4. Nf3 Nxc3 5. bxc3 Nc6 6. d4 Bg4 7. h3 Bh5 8. Be2 e6 9. Rb1 b6 10. 0-0 Qd6 11. g3 Be7 12. Bf4 Qd7 13. Bb5 f6 14. g4 Bf7 15. d5 exd5 16. Nd4 0-0 17. Bxc6 Qd8 18. Bxa8 Qxa8 19. Nf5 Bc5 20. Re1 g6 21. Ne7+ Kh8 22. g5 f5 23. Be5# 1-0

[Event "NRW-ch U12"]
[Site "Wolfsburg"]
[Date "2004.04.17"]
[Round "7"]
[White "Steinbach, Ulrich"]
[Black "Kartsev, Alexandr"]
[Result "1-0"]
[WhiteElo "1451"]
[BlackElo "1349"]
[PlyCount "207"]
[EventDate "2004.04.??"]
[EventType "swiss"]
[EventRounds "7"]
[EventCountry "GER"]
[SourceTitle "EXT 2005"]
[Source "ChessBase"]
[SourceDate "2004.11.15"]
[SourceVersion "1"]
[SourceVersionDate "2004.11.15"]
[SourceQuality "1"]

1. e4 c6 2. d4 d5 3. exd5 cxd5 4. c4 Nf6 5. Bg5 Qa5+ 6. Qd2 Qxd2+ 7. Nxd2 dxc4 8. Bxc4 Nc6 9. Ngf3 Bg4 10. 0-0 e6 11. Bb5 Rc8 12. Rac1 Kd8 13. Bxc6 bxc6 14. Ne5 Ke8 15. Bxf6 Be2 16. Rfe1 gxf6 17. Nxf7 Kxf7 18. Rxe2 Bh6 19. Rce1 Rhe8 20. Nb3 a6 21. g3 Bf8 22. a3 Bd6 23. f4 Re7 24. Na5 c5 25. Nc4 Bb8 26. d5 Rce8 27. d6 Rd7 28. f5 e5 29. Rd2 Red8 30. Red1 Kg7 31. h4 h5 32. Kg2 Ba7 33. Kf3 Kh7 34. Rg2 Bb8 35. Rgd2 Ba7 36. Ne3 Bb8 37. Nd5 Kg7 38. Nc3 Rxd6 39. Rxd6 Rxd6 40. Rxd6 Bxd6 41. Ne4 Bf8 42. b3 Kf7 43. a4 a5 44. g4 hxg4+ 45. Kxg4 Kg7 46. Nd2 Be7 47. Nc4 Bd8 48. Nd2 Kh6 49. Ne4 Be7 50. Nc3 Kg7 51. Nb5 Kh6 52. Nc7 Bd8 53. Ne6 Be7 54. Nc7 Bd8 55. Nd5 Kg7 56. Kh5 Kh7 57. Ne3 Kg7 58. Ng4 Kh7 59. Nf2 Kg7 60. Ne4 Be7 61. Nc3 Kh7 62. Nd5 Bd8 63. Nc3 Be7 64. Nb5 Kg7 65. Nc7 Kf7 66. Nd5 Bf8 67. Ne3 Kg7 68. Nc4 e4 69. Kg4 Be7 70. Kf4 Bd8 71. Kxe4 Kh6 72. Ne3 Kh5 73. Kd5 Kxh4 74. Ke6 Kh5 75. Kd7 Bb6 76. Nd5 Ba7 77. Nxf6+ Kg5 78. Ke6 Bb8 79. Nd7 Bc7 80. Nxc5 Bd8 81. Nd7 Be7 82. Kxe7 Kxf5 83. Kd6 Ke4 84. Nc5+ Kd4 85. Kc6 Kc3 86. Kb5 Kd4 87. Nb7 Kd5 88. Nxa5 Kd6 89. b4 Kd7 90. Nc6 Kc8 91. a5 Kd7 92. a6 Kd6 93. a7 Kd5 94. a8Q Ke4 95. Kc5 Kd3 96. Qa6+ Ke3 97. Ne5 Kd2 98. Qc4 Ke3 99. Qd4+ Ke2 100. Kc4 Ke1 101. Qb2 Kf1 102. Ng4 Kg1 103. Qf2+ Kh1 104. Qh2# 1-0

[Event "NRW-ch U12"]
[Site "Kranenburg"]
[Date "2003.04.25"]
[Round "6"]
[White "Steinbach, Ulrich"]
[Black "Rohovoy, Dimitrij"]
[Result "1/2-1/2"]
[WhiteElo "1157"]
[BlackElo "1343"]
[PlyCount "43"]
[EventDate "2003.04.??"]
[EventType "swiss"]
[EventRounds "7"]
[EventCountry "GER"]
[SourceTitle "EXT 2005"]
[Source "ChessBase"]
[SourceDate "2004.11.15"]
[SourceVersion "1"]
[SourceVersionDate "2004.11.15"]
[SourceQuality "1"]

1. Nf3 Nf6 2. d4 e6 3. c4 c5 4. e3 Be7 5. Nc3 0-0 6. d5 d6 7. e4 Nbd7 8. Be2 Nb6 9. 0-0 Re8 10. Bg5 h6 11. Bh4 Bd7 12. Qc2 Nh5 13. Bg3 Nxg3 14. fxg3 e5 15. a4 Bg4 16. a5 Nd7 17. Qb3 Rb8 18. h3 Bh5 19. Qa4 Nf6 20. Rfb1 Bg6 21. Nd2 Qd7 22. Nf3 1/2-1/2

[Event "NRW-ch U12"]
[Site "Kranenburg"]
[Date "2003.04.24"]
[Round "5"]
[White "Kammel, Lukas"]
[Black "Steinbach, Ulrich"]
[Result "1/2-1/2"]
[WhiteElo "1235"]
[BlackElo "1157"]
[PlyCount "43"]
[EventDate "2003.04.??"]
[EventType "swiss"]
[EventRounds "7"]
[EventCountry "GER"]
[SourceTitle "EXT 2005"]
[Source "ChessBase"]
[SourceDate "2004.11.15"]
[SourceVersion "1"]
[SourceVersionDate "2004.11.15"]
[SourceQuality "1"]

1. e4 Nf6 2. Nc3 d6 3. Bc4 g6 4. d4 Bg7 5. h3 Nbd7 6. Nf3 c5 7. Be3 0-0 8. Qd2 cxd4 9. Nxd4 Nc5 10. f3 Nfd7 11. Bh6 Ne5 12. Be2 f5 13. Bxg7 Kxg7 14. f4 Nc6 15. Nxc6 bxc6 16. Qd4+ Kg8 17. Bc4+ Be6 18. exf5 Rxf5 19. g3 d5 20. Bd3 Nxd3+ 21. Qxd3 Rb8 22. 0-0-0 1/2-1/2